Datum a čas kvízu
35
Celkem bodů
Celkový počet nahraných bodů na tomto kvízu bez doplňovacích otázek.
2.
Pořadí na kvízu
Konečné umístění týmu na tomto kvízu.
Zaznamenané odpovědi
| # | Otázka | Odpověď | Body | Výsledky |
|---|---|---|---|---|
| 1. | V masce kterého zvířete naruši... | gorily | 1 | |
| 2. | Státníci kterých dvou zemí si... | Japonsko (premiérka), Jižní Korea (prezident) | 0 | |
| 3. | Minulý týden bylo oznámeno jmé... | o Hanse Zimmera | 1 | |
| 4. | Firma Mattel uvedla na trh nov... | C | 1 | |
| 5. | Stáj formule 1 Red Bull minulý... | Martin Šonka | 1 | |
| 6. | Vaším úkolem v tématu bude odh... | červenou, bílou | 0 | |
| 7. | Teď se podíváme na domácí fotb... | tři | 1 | |
| 8. | Pojďme na hokej. Lev v logu BK... | zelená | 1 | |
| 9. | Na základě zobrazených barev l... | Los Angeles Lakers | 0 | |
| 10. | Které americké město oslavuje... | Pittsburgh | 0 |